000 01132nam a2200313 i 4500
001 000041745
003 DO-SdBNP
005 20250925101038.0
007 ta
008 110328s1998 dr ac 000 0 spa d
040 _aDO-SdBNP
_bspa
_cBNPHU
_erda
041 _aspa
082 4 _a972.93054
_bM385a1998
_222
100 1 _aMartínez Almanzar, Juan Francisco
_d1950 -
_eautor
_910459
245 1 0 _aAbril de 1965... :
_binolvidable /
_cJuan Francisco Martínez Almanzar.
250 _a2a edición ampliada
264 _aSanto Domingo :
_b9 de octubre,
_c1998.
300 _a156 páginas :
_bilustraciones retratos. ;
_c23 cm.
336 _atexto
_btxt
_2rdacontent
337 _asin medición
_bn
_2rdamedia
338 _avolumen
_bnc
_2rdacarrier
500 _aIncluye datos biográficos del autor en la contraportada
504 _aBibliografía : página 153
590 _aInventariado, 2024/DG
650 4 _aRevolución de abril
_y1965
_zRepública Dominicana
_979399
651 0 _aRepública Dominicana
_xHistoria
_xOcupación Norteamericana, 1965
_978065
910 _aDG. Validado. Control de calidad/MAA
942 _2ddc
_cLBS1
999 _c41234
_d41234